UEFA Euros Winners (Players) - Sudden Death - Statistics

General Stats
  • This quiz has been taken 108 times
  • The average score is 11 of 27
Answers on the Grid
Answers color-coded by a green-red scale on the quiz's grid according to % correct below.
Iker Casillas
Lothar Matthäus
Andrés Iniesta
Xavi
Cristiano Ronaldo
Sergio Ramos
Jürgen Klinsmann
Franz Beckenbauer
Uli Hoeneß
Sepp Maier
Lev Yashin
Lilian Thuram
Xabi Alonso
Thierry Henry
Marcel Desailly
Patrick Vieira
Alessandro Bastoni
Lamine Yamal
Gerard Piqué
Oliver Kahn
Pepe
Marco van Basten
Antonín Panenka
Ruud Gullit
Jorginho
Gianluigi Donnarumma
Zinédine Zidane
Dennis Bergkamp
Paul Pogba
Philipp Lahm
Bastian Schweinsteiger
Miroslav Klose
Jens Lehmann
Bukayo Saka
Paolo Maldini
Francesco Totti
Declan Rice
Manuel Neuer
Joshua Kimmich
Kylian Mbappe
Gianluigi Buffon
Luka Modric
Frank Lampard
Ronaldinho
Lionel Messi
Ousmane Dembélé
David Beckham
Johan Cruyff
 
Answer Stats
Answer % Correct
Lamine Yamal
65%
Iker Casillas
59%
Jorginho
59%
Xavi
59%
Xabi Alonso
57%
Gerard Piqué
55%
Gianluigi Donnarumma
55%
Andrés Iniesta
53%
Cristiano Ronaldo
53%
Sergio Ramos
49%
Zinédine Zidane
49%
Thierry Henry
47%
Pepe
43%
Lilian Thuram
39%
Ruud Gullit
39%
Franz Beckenbauer
37%
Patrick Vieira
35%
Marcel Desailly
33%
Marco van Basten
33%
Alessandro Bastoni
29%
Jürgen Klinsmann
29%
Lothar Matthäus
29%
Lev Yashin
27%
Antonín Panenka
25%
Sepp Maier
18%
Oliver Kahn
14%
Uli Hoeneß
14%
No matching quizzes found
Score Distribution
Percent of People with Each Score
Percentile by Number Answered
Your Score History
You have not taken this quiz